000 00827nam a2200265Ia 4500
001 21595
005 20260320112528.0
008 260320s9999||||xx |||||||||||||| ||und||
041 _aESP
082 _a332.6
_bM61G
100 _a
_e
110 _aMinisterio de Economía y Finanzas
245 0 _aGuía de orientación N° 1
_bnormas del sistema nacional de inversión pública
246 _a
_5
_b
250 _aSegunda edición
260 _aLima :
_bMinisterio de Economía y Finanzas
_c2008
300 _a160 páginas :
_bgrágicos ;
_c31 cm.
_e
440 _a
_n
_v
650 _aCIS
653 _aNormas de inversión pública
654 _aCHU
700 _a
_c
856 _uhttps://ebooks7-24-com.ucsp.lookproxy.com/stage.aspx?il=&pg=&ed=
_zVéase además: Base de datos Ebook7-25
942 _cLIB
_dJUS
_fMIP
_2ddc
_n
999 _c21595
_d21595